|
|
|
|
| LEADER |
00797nab a2200241 i 4500 |
| 001 |
misc61521 |
| 005 |
20230123114258.0 |
| 008 |
220202s1967 hu o 0|| hun d |
| 040 |
|
|
|a SZTE Miscellanea Repozitórium
|b hun
|
| 041 |
|
|
|a hun
|
| 041 |
|
|
|a ger
|
| 245 |
0 |
0 |
|a Fajszi honismereti értesítő
|h [elektronikus dokumentum] :
|b 1967 : kézirat
|
| 260 |
|
|
|a Bács-Kiskun m. T. Műv. O.
|b Kecskemét
|c 1967
|
| 300 |
|
|
|a 57 p. 4 t.
|c 30 cm
|
| 561 |
|
|
|a Németh Gyula hagyaték
|
| 591 |
|
|
|a J/75 N 3027
|
| 650 |
|
4 |
|a Bölcsészettudományok
|
| 650 |
|
4 |
|a Történettudomány és régészet
|
| 695 |
|
|
|a Fajsz története
|
| 700 |
0 |
1 |
|a Henkey Gyula
|
| 700 |
0 |
1 |
|a Kuczy Károly
|
| 700 |
0 |
1 |
|a Fehér Zoltán
|
| 856 |
4 |
0 |
|u http://misc.bibl.u-szeged.hu/61521/1/1560_nov_f12.pdf
|z Dokumentum-elérés
|